[Event "Tage Sorensen Memorial 2001"]
[Site "Holbaek"]
[Date "2001.06.26"]
[Round "4"]
[White "Strange, Mikkel"]
[Black "Visweswaran, Kameswaran"]
[Result "0-1"]
[WhiteElo "2228"]
[BlackElo "2301"]
[PlyCount "154"]
[EventDate "2001.06.23"]

1. e4 c5 2. Nf3 d6 3. d4 cxd4 4. Nxd4 Nf6 5. Nc3 a6 6. Be2 e5 7. Nb3 Be7 8. O-O
O-O 9. a4 Be6 10. Be3 Nbd7 11. a5 Rc8 12. f3 Qc7 13. Qd2 Rfd8 14. Ra4 Bf8 15.
Rc1 Qc6 16. Raa1 d5 17. exd5 Nxd5 18. Nxd5 Bxd5 19. c4 Be6 20. Qc3 Be7 21. Nd2
f5 22. b4 Bf6 23. Nb3 Bf7 24. Ra3 Nf8 25. Bb6 e4 26. Qc2 Re8 27. Nd4 Bxd4+ 28.
Bxd4 Qd6 29. Qc3 exf3 30. c5 f2+ 31. Bxf2 Qc6 32. Bf3 Bd5 33. Rd1 Bxf3 34. Qxf3
Rcd8 35. Rad3 Rxd3 36. Qxd3 Re4 37. Be1 Ne6 38. Bc3 Nf4 39. Qd8+ Re8 40. Qd2
Ne2+ 41. Kh1 f4 42. Qd3 h6 43. Be1 Kh8 44. Bf2 Re4 45. Qd8+ Kh7 46. Qd3 Qg6 47.
b5 axb5 48. Qxb5 Nc3 49. Qd3 Nxd1 50. Qxd1 Rb4 51. Qf3 Rb1+ 52. Bg1 Rb2 53. h3
Qc6 54. Qg4 Ra2 55. Qf5+ Qg6 56. Qd5 Ra1 57. Qxb7 Rxa5 58. Qb4 Ra2 59. Qb7 Ra1
60. Qf3 Qb1 61. Qf2 Qc1 62. Kh2 Ra6 63. Qe2 Rg6 64. Bf2 Qc3 65. Qe4 Qf6 66. Bd4
Qc6 67. Qe2 Qd5 68. Be5 Qe6 69. c6 f3 70. gxf3 Qxc6 71. Qd3 Qc1 72. Bd4 Qf4+
73. Kh1 Qg3 74. Qf1 Re6 75. Bg1 Kh8 76. Qg2 Rg6 77. Qf1 Rf6 0-1

[Event "Tage Sorensen Memorial 2001"]
[Site "Holbaek"]
[Date "2001.06.26"]
[Round "4"]
[White "Jorgensen, Michael"]
[Black "Skytte, Rasmus"]
[Result "0-1"]
[WhiteElo "2290"]
[BlackElo "2343"]
[PlyCount "122"]
[EventDate "2001.06.23"]

1. d4 e6 2. Nf3 c5 3. c4 cxd4 4. Nxd4 Nf6 5. Nc3 Nc6 6. g3 Bb4 7. Bg2 O-O 8.
O-O Qa5 9. Nb3 Qh5 10. e4 Qxd1 11. Rxd1 Bxc3 12. bxc3 e5 13. Ba3 Re8 14. Bd6 b6
15. c5 Ba6 16. a4 Bc4 17. Nd2 Bd3 18. f3 bxc5 19. Bxc5 d6 20. Bf2 d5 21. exd5
Nxd5 22. Nf1 Bc4 23. Ne3 Nxe3 24. Bxe3 Rac8 25. Rab1 Rc7 26. Bc5 f5 27. h4 e4
28. fxe4 fxe4 29. Bd6 Rd7 30. Bf4 Bd3 31. Rb2 Ne5 32. Rb4 a5 33. Rb6 Rc7 34.
Rc1 Rc4 35. Rb5 Nf3+ 36. Kh1 Rxa4 37. Rd5 Bc4 38. Rc5 Rd8 39. Rc7 Bb3 40. Be3
Rc4 41. Rxc4 Bxc4 42. Bb6 Rd5 43. Ra1 Rd2 44. Bxa5 Kf7 45. Bb6 Kg6 46. g4 h5
47. g5 Bd5 48. Be3 Re2 49. Bd4 Nxh4 50. Ra6+ Kxg5 51. Ra5 Nxg2 52. Rxd5+ Kg4
53. Bxg7 Nh4 54. Kg1 Nf3+ 55. Kf1 Re1+ 56. Kg2 e3 57. Rd4+ Nxd4 58. Bxd4 h4 59.
c4 h3+ 60. Kh2 Kf3 61. c5 Rc1 0-1

[Event "Tage Sorensen Memorial 2001"]
[Site "Holbaek"]
[Date "2001.06.27"]
[Round "5"]
[White "Hansen, Lars Henrik Bech"]
[Black "Jorgensen, Michael"]
[Result "0-1"]
[WhiteElo "2159"]
[BlackElo "2290"]
[PlyCount "70"]
[EventDate "2001.06.23"]

1. e4 e6 2. d4 d5 3. e5 c5 4. c3 Qb6 5. Nf3 Nc6 6. Bd3 cxd4 7. cxd4 Bd7 8. O-O
Nxd4 9. Nxd4 Qxd4 10. Qe2 Ne7 11. Kh1 Nc6 12. f4 Bc5 13. Nc3 a6 14. Bd2 Ba7 15.
Rae1 g6 16. Rf3 Qb6 17. Be3 Qa5 18. Bxa7 Nxa7 19. Qf2 Nc6 20. Qh4 Qd8 21. Qh6
Qe7 22. f5 gxf5 23. Bxf5 O-O-O 24. Bh3 d4 25. Ne4 Nxe5 26. Rf6 Bc6 27. Bxe6+
fxe6 28. Rxe6 Ng4 29. Rxc6+ bxc6 30. Qxc6+ Kb8 31. Qb6+ Qb7 32. Qe6 Rhg8 33.
Rf1 Rde8 34. Qd6+ Ka8 35. Rf7 Rxe4 0-1

[Event "Tage Sorensen Memorial 2001"]
[Site "Holbaek"]
[Date "2001.06.27"]
[Round "5"]
[White "Hermansson, Emil"]
[Black "Nilssen, John Arni"]
[Result "1-0"]
[WhiteElo "2400"]
[BlackElo "2345"]
[PlyCount "67"]
[EventDate "2001.06.23"]

1. e4 c5 2. Nf3 Nc6 3. d4 cxd4 4. Nxd4 e5 5. Nb5 d6 6. c4 Be7 7. b3 Nf6 8. Bd3
Bg4 9. f3 Be6 10. O-O O-O 11. N1c3 a6 12. Na3 Nh5 13. Nc2 Nf4 14. Re1 Bh4 15.
g3 Nh3+ 16. Kg2 Bg5 17. Nd5 g6 18. Be2 Rc8 19. Bb2 h5 20. Rf1 h4 21. f4 exf4
22. Bg4 Qd7 23. Nb6 Bxg4 24. Nxd7 Bxd7 25. Nd4 Ne5 26. Nf3 Ng4 27. Qxd6 Ne3+
28. Kh1 hxg3 29. hxg3 fxg3 30. Qxg3 Nxf1 31. Rxf1 Bh6 32. Ne5 Be6 33. Nxg6 Bg5
34. Qe5 1-0

[Event "Tage Sorensen Memorial 2001"]
[Site "Holbaek"]
[Date "2001.06.27"]
[Round "5"]
[White "Lamprecht, Frank"]
[Black "Eriksson, Johan"]
[Result "1/2-1/2"]
[WhiteElo "2403"]
[BlackElo "2408"]
[PlyCount "78"]
[EventDate "2001.06.23"]

1. d4 Nf6 2. Nf3 g6 3. c4 Bg7 4. Nc3 d6 5. e4 O-O 6. Be2 e5 7. O-O Nc6 8. d5
Ne7 9. b4 Nh5 10. Qb3 Nf4 11. Bxf4 exf4 12. Rad1 h6 13. c5 g5 14. h3 Ng6 15.
Rfe1 a6 16. Nh2 Ne5 17. Bg4 Nxg4 18. hxg4 h5 19. f3 hxg4 20. fxg4 Be5 21. Ne2
Qf6 22. Qd3 Kg7 23. Nd4 Rh8 24. Nf5+ Bxf5 25. exf5 a5 26. Nf3 Bc3 27. Re4 Bxb4
28. cxd6 Bc5+ 29. Kf1 cxd6 30. Rb1 b6 31. Ke2 Rae8 32. Nd2 Re5 33. Rxe5 Qxe5+
34. Kf3 Re8 35. Ne4 f6 36. a4 Re7 37. Qc4 Bd4 38. Re1 Be3 39. Nc3 Rd7 1/2-1/2

[Event "Tage Sorensen Memorial 2001"]
[Site "Holbaek"]
[Date "2001.06.27"]
[Round "5"]
[White "Carstensen, Jacob"]
[Black "Strange, Mikkel"]
[Result "1-0"]
[WhiteElo "2260"]
[BlackElo "2228"]
[PlyCount "55"]
[EventDate "2001.06.23"]

1. d4 f5 2. g3 Nf6 3. Bg2 g6 4. Nh3 Bg7 5. O-O O-O 6. c4 d6 7. d5 c6 8. Nc3 e5
9. dxe6 Bxe6 10. Qb3 Bc8 11. Rd1 Qe7 12. Bf4 Ne8 13. e4 Kh8 14. Re1 Be5 15. Bh6
Ng7 16. f4 Bd4+ 17. Kh1 Re8 18. Rad1 Bb6 19. Ng5 Na6 20. Rxd6 Nc5 21. Qd1 fxe4
22. b4 Bg4 23. Qxg4 Nf5 24. bxc5 Ba5 25. Rxe4 Bxc3 26. Rxe7 Rxe7 27. Ne4 Nxh6
28. Qd1 1-0

[Event "Tage Sorensen Memorial 2001"]
[Site "Holbaek"]
[Date "2001.06.27"]
[Round "5"]
[White "Skjoldager, Flemming"]
[Black "Skjoldborg, Jesper"]
[Result "0-1"]
[WhiteElo "2000"]
[BlackElo "2228"]
[PlyCount "56"]
[EventDate "2001.06.23"]

1. e4 c5 2. Nf3 d6 3. d4 cxd4 4. Nxd4 Nf6 5. Nc3 g6 6. Be3 Bg7 7. f3 O-O 8. Qd2
Nc6 9. Bc4 Bd7 10. O-O-O Ne5 11. Bb3 Qa5 12. h4 Rfc8 13. Nd5 Qxd2+ 14. Rxd2
Nxd5 15. exd5 a5 16. a3 Nc4 17. Bxc4 Rxc4 18. c3 b5 19. Kb1 b4 20. cxb4 axb4
21. Rc1 Rxc1+ 22. Kxc1 bxa3 23. bxa3 Rxa3 24. Re2 Rd3 25. Nc6 Rc3+ 26. Kd2 Bxc6
27. Bh6 Ba4 28. Rxe7 Rc2+ 0-1

[Event "Tage Sorensen Memorial 2001"]
[Site "Holbaek"]
[Date "2001.06.27"]
[Round "5"]
[White "Kiss, Gergely"]
[Black "Sivertsen, Palle"]
[Result "1-0"]
[WhiteElo "2270"]
[BlackElo "2168"]
[PlyCount "35"]
[EventDate "2001.06.23"]

1. e4 Nc6 2. Nf3 g6 3. d4 Bg7 4. Nc3 d6 5. h3 e5 6. Bg5 f6 7. Bh4 a6 8. Bc4
Nge7 9. a4 Bd7 10. dxe5 dxe5 11. O-O Qc8 12. Nd5 Nxd5 13. Qxd5 Nd8 14. Rfd1 Ne6
15. Rd2 c6 16. Qd6 Rf8 17. Rad1 Rf7 18. Nxe5 1-0

[Event "Tage Sorensen Memorial 2001"]
[Site "Holbaek"]
[Date "2001.06.27"]
[Round "5"]
[White "Nielsen, Max"]
[Black "Pavlovskaya, Evgenija"]
[Result "1-0"]
[WhiteElo "2251"]
[BlackElo "2201"]
[PlyCount "55"]
[EventDate "2001.06.23"]

1. e4 c5 2. Nf3 a6 3. c4 e6 4. d4 cxd4 5. Nxd4 Nf6 6. Nc3 Bb4 7. Bd3 Bxc3+ 8.
bxc3 Qa5 9. Bd2 O-O 10. O-O d6 11. f4 Nbd7 12. Qe2 Nc5 13. e5 dxe5 14. fxe5
Nxd3 15. exf6 Ne5 16. fxg7 Rd8 17. Qh5 b6 18. Nb3 Qa4 19. Qxe5 Qxc4 20. Qf6 Qc7
21. Bf4 Qd7 22. Bg5 Bb7 23. Rf2 Rdc8 24. Raf1 Rc7 25. Bf4 Rc4 26. Nd2 Rc5 27.
Be5 Bc6 28. Bd4 1-0

[Event "Tage Sorensen Memorial 2001"]
[Site "Holbaek"]
[Date "2001.06.27"]
[Round "5"]
[White "Larsen, Peder Lehmann"]
[Black "Molvig, Henrik"]
[Result "1/2-1/2"]
[WhiteElo "2055"]
[BlackElo "2219"]
[PlyCount "33"]
[EventDate "2001.06.23"]

1. d4 Nf6 2. Nf3 g6 3. c4 Bg7 4. Nc3 O-O 5. e4 d6 6. Be2 e5 7. dxe5 dxe5 8.
Qxd8 Rxd8 9. Bg5 c6 10. Nxe5 Re8 11. f4 Na6 12. O-O-O Nc5 13. Bf3 h6 14. Bh4 g5
15. Bf2 Ne6 16. f5 Nf4 17. Nd3 1/2-1/2

[Event "Tage Sorensen Memorial 2001"]
[Site "Holbaek"]
[Date "2001.06.27"]
[Round "5"]
[White "Izsak, Gyula"]
[Black "Brekka, Martin"]
[Result "1-0"]
[WhiteElo "2452"]
[BlackElo "2102"]
[PlyCount "75"]
[EventDate "2001.06.23"]

1. d4 d5 2. Nf3 Nf6 3. c4 e6 4. Nc3 c6 5. cxd5 cxd5 6. Bg5 Be7 7. e3 Nc6 8. Bd3
O-O 9. O-O Bd7 10. Rc1 Ne8 11. Bf4 f5 12. Ne5 Nxe5 13. Bxe5 Rc8 14. Qb3 Bc6 15.
Na4 Bd6 16. Nc5 Qe7 17. Be2 Rf7 18. Rc3 Nf6 19. Bxd6 Qxd6 20. Rfc1 Rcf8 21. Nd3
Ne4 22. R3c2 Rc7 23. f3 Nf6 24. Qb4 Qe7 25. a3 Ne8 26. Ne5 Qh4 27. f4 Nf6 28.
Qd6 Ne4 29. Qxc7 Qf2+ 30. Kh1 Qxe3 31. Bd3 Nf2+ 32. Rxf2 Qxf2 33. Qe7 Qxf4 34.
Qxe6+ Kh8 35. Rf1 Qxd4 36. Nf7+ Kg8 37. Nh6+ Kh8 38. Qg8+ 1-0

[Event "Tage Sorensen Memorial 2001"]
[Site "Holbaek"]
[Date "2001.06.27"]
[Round "5"]
[White "Stockflet, Henrik"]
[Black "Jorgensen, Gert"]
[Result "0-1"]
[WhiteElo "2000"]
[BlackElo "2123"]
[PlyCount "80"]
[EventDate "2001.06.23"]

1. e4 d5 2. exd5 Qxd5 3. Nc3 Qa5 4. Bc4 c6 5. d4 Nf6 6. Qe2 Bf5 7. Bd2 Qc7 8.
O-O-O e6 9. h3 h5 10. d5 Nxd5 11. Nxd5 cxd5 12. Bb5+ Nd7 13. Bc3 a6 14. Bxd7+
Qxd7 15. Nf3 Rc8 16. Rhe1 Be7 17. Kb1 b5 18. g4 Be4 19. Ne5 Qb7 20. f3 b4 21.
fxe4 bxc3 22. b3 dxe4 23. Qxe4 Qxe4 24. Rxe4 hxg4 25. hxg4 Rd8 26. Rf1 Rh2 27.
Nc4 Rd5 28. a3 Bf6 29. b4 Ke7 30. Ref4 Rd4 31. Rxd4 Bxd4 32. Rd1 e5 33. Na5 Kd6
34. Nb3 Kd5 35. g5 Rg2 36. Nxd4 exd4 37. Rf1 Rxg5 38. Rxf7 Rg1+ 39. Ka2 g5 40.
Rf6 d3 0-1

[Event "Tage Sorensen Memorial 2001"]
[Site "Holbaek"]
[Date "2001.06.27"]
[Round "5"]
[White "Visweswaran, Kameswaran"]
[Black "Bromann, Thorbjorn"]
[Result "1-0"]
[WhiteElo "2301"]
[BlackElo "2310"]
[PlyCount "107"]
[EventDate "2001.06.23"]

1. e4 e6 2. d4 d5 3. Nc3 Nf6 4. e5 Nfd7 5. f4 c5 6. Nf3 Nc6 7. Be3 cxd4 8. Nxd4
Bc5 9. Qd2 O-O 10. O-O-O a6 11. h4 Nxd4 12. Bxd4 b5 13. h5 b4 14. Na4 Bxd4 15.
Qxd4 a5 16. Kb1 Ba6 17. Rh3 Qc7 18. h6 g6 19. b3 Rfc8 20. c4 Nc5 21. Nxc5 Qxc5
22. Rhd3 Kf8 23. Qxc5+ Rxc5 24. Rd4 Bb7 25. g3 dxc4 26. Bxc4 Ke8 27. Kb2 Bc6
28. Rd6 Ke7 29. g4 Bf3 30. R1d4 Bxg4 31. a4 bxa3+ 32. Kxa3 Bf3 33. Rd7+ Ke8 34.
Bxe6 fxe6 35. Rxh7 Rb5 36. Rd3 Be4 37. Re3 Bd5 38. Rc7 Rab8 39. h7 Rxb3+ 40.
Rxb3 Rxb3+ 41. Ka4 Rh3 42. Rc8+ Kf7 43. h8=Q Rxh8 44. Rxh8 g5 45. fxg5 Kg6 46.
Rg8+ Kf5 47. Kxa5 Kxe5 48. Rf8 Ke4 49. g6 e5 50. g7 Ke3 51. Kb4 e4 52. Kc3 Ba2
53. g8=Q Bxg8 54. Rxg8 1-0

[Event "Tage Sorensen Memorial 2001"]
[Site "Holbaek"]
[Date "2001.06.27"]
[Round "5"]
[White "Pedersen, Kim"]
[Black "Palm, Eivind"]
[Result "1/2-1/2"]
[WhiteElo "2227"]
[BlackElo "2000"]
[PlyCount "92"]
[EventDate "2001.06.23"]

1. d4 e6 2. Nf3 Nf6 3. Bf4 c5 4. e3 b6 5. Nbd2 Bb7 6. c3 Be7 7. Bd3 d6 8. Qe2
Nh5 9. Bg3 Nxg3 10. hxg3 cxd4 11. cxd4 h6 12. a3 Nd7 13. Rd1 Rc8 14. g4 Nf8 15.
e4 Ng6 16. g3 O-O 17. Rh5 e5 18. dxe5 dxe5 19. Nxe5 Nxe5 20. Rxe5 Bf6 21. Rb5
Bc6 22. Rh5 Bxb2 23. Ba6 Rc7 24. Nb1 Qf6 25. e5 Bxe5 26. Rxe5 Bf3 27. Qe3 Bxd1
28. Kxd1 Rd8+ 29. Nd2 Qc6 30. Ke2 Qd6 31. Bd3 Kf8 32. Bb5 Qxe5 33. Qxe5 Re7 34.
Qe3 Rxe3+ 35. Kxe3 Rd5 36. a4 Ke7 37. Nf3 Rc5 38. Nd4 g6 39. Kd3 Rc1 40. Bc4
Rd1+ 41. Kc3 Rc1+ 42. Kd3 Rd1+ 43. Ke3 Rc1 44. Bd3 Ra1 45. Nc6+ Kd6 46. Nxa7
Rxa4 1/2-1/2

[Event "Tage Sorensen Memorial 2001"]
[Site "Holbaek"]
[Date "2001.06.27"]
[Round "5"]
[White "Naes, Flovin Tor"]
[Black "Pedersen, Hans Dahl"]
[Result "1/2-1/2"]
[WhiteElo "2236"]
[BlackElo "2208"]
[PlyCount "91"]
[EventDate "2001.06.23"]

1. Nf3 d5 2. c4 c6 3. cxd5 cxd5 4. d4 Nc6 5. Nc3 e6 6. Bf4 Bd6 7. Bxd6 Qxd6 8.
e3 Nf6 9. Bd3 O-O 10. O-O b6 11. a3 a5 12. Rc1 Ba6 13. Bxa6 Rxa6 14. Nb5 Qd7
15. Qc2 Ne7 16. Nc7 Rc8 17. Ne5 Qd8 18. Nxa6 Rxc2 19. Rxc2 Ne4 20. Rfc1 f6 21.
Nc6 Nxc6 22. Rxc6 Nd6 23. b3 Kf7 24. a4 Ne8 25. Nc7 Nxc7 26. Rxc7+ Kg6 27. R7c6
Kf5 28. f3 h5 29. Rc7 Qd6 30. Rxg7 Qa3 31. Re1 Qxb3 32. h3 e5 33. g4+ hxg4 34.
Rxg4 b5 35. axb5 a4 36. Rg2 Qxb5 37. dxe5 fxe5 38. Ree2 a3 39. e4+ Ke6 40.
exd5+ Qxd5 41. Rgf2 Kf5 42. Kg2 Qg8+ 43. Kh2 Qd5 44. Re4 Qb3 45. Ree2 Qc4 46.
Re4 1/2-1/2

[Event "Tage Sorensen Memorial 2001"]
[Site "Holbaek"]
[Date "2001.06.27"]
[Round "5"]
[White "Pedersen, Henrik Dahl"]
[Black "Ostergaard, Rasmus"]
[Result "1-0"]
[WhiteElo "2237"]
[BlackElo "2183"]
[PlyCount "113"]
[EventDate "2001.06.23"]

1. c4 Nf6 2. g3 e6 3. Nf3 c5 4. Bg2 d5 5. O-O Nc6 6. cxd5 exd5 7. d4 Be7 8. Nc3
O-O 9. Bg5 c4 10. b3 Qa5 11. Qc1 Ne4 12. Nxe4 dxe4 13. Bxe7 exf3 14. Bxf8 fxg2
15. Rd1 Kxf8 16. d5 Ne5 17. Qf4 f6 18. bxc4 Bd7 19. Rd4 Rc8 20. Kxg2 Qc5 21. a4
Nxc4 22. Kg1 Ne5 23. Rad1 b5 24. axb5 Qxb5 25. Qe4 Kg8 26. Rb1 Qa6 27. f4 Nf7
28. d6 Re8 29. Qf3 g6 30. e4 Re6 31. Rbd1 Qc6 32. Qd3 a5 33. h4 a4 34. g4 Qc5
35. Kh2 Re8 36. g5 fxg5 37. hxg5 Rb8 38. e5 Rb3 39. Qc4 Rh3+ 40. Kg2 Qa3 41.
R4d3 Qb2+ 42. R1d2 Qb7+ 43. Kf2 Rh2+ 44. Ke3 Rh3+ 45. Kd4 Rh4 46. Kc3 Bb5 47.
Qc7 Qh1 48. Qb8+ Kg7 49. Qxb5 Qc1+ 50. Rc2 Qe1+ 51. Kb2 Rxf4 52. Rdc3 Nxe5 53.
d7 Rd4 54. Qb6 Nd3+ 55. Rxd3 Rb4+ 56. Qxb4 Qxb4+ 57. Ka2 1-0

[Event "Tage Sorensen Memorial 2001"]
[Site "Holbaek"]
[Date "2001.06.27"]
[Round "5"]
[White "Brekka, Hanus"]
[Black "Jensen, Leif"]
[Result "0-1"]
[WhiteElo "2000"]
[BlackElo "2102"]
[PlyCount "112"]
[EventDate "2001.06.23"]

1. e4 e6 2. d3 d5 3. Nc3 c5 4. g3 d4 5. Nce2 Nc6 6. f4 f5 7. Bg2 Nf6 8. e5 Nd5
9. Nf3 Be7 10. O-O O-O 11. Kh1 Bd7 12. c3 dxc3 13. Nxc3 Nc7 14. Be3 Nb4 15. d4
Nbd5 16. Nxd5 Nxd5 17. Bg1 c4 18. Qe2 b5 19. Ng5 Bxg5 20. fxg5 Bc6 21. h4 Qd7
22. g4 fxg4 23. Qxg4 Ne7 24. h5 Nf5 25. Rf4 Bxg2+ 26. Kxg2 g6 27. hxg6 hxg6 28.
Qh3 Rf7 29. Bf2 Raf8 30. Rh1 Rh7 31. Qf3 Rxh1 32. Kxh1 Rd8 33. Kg1 Kg7 34. Rg4
Rh8 35. Rg2 a6 36. Rh2 Rxh2 37. Kxh2 Qd5 38. Qa3 Qc6 39. Qa5 Kf7 40. Qd8 Qe8
41. Qf6+ Kg8 42. d5 exd5 43. e6 d4 44. Be1 Qe7 45. a3 Qd6+ 46. Kg1 Ng7 47. Qf7+
Kh7 48. e7 Qe5 49. Bb4 Qxg5+ 50. Kh1 Qc1+ 51. Kh2 Qxb2+ 52. Kg1 Qb1+ 53. Kh2
Qc2+ 54. Kg1 Qe4 55. Qf1 Qe3+ 56. Kg2 d3 0-1

[Event "Tage Sorensen Memorial 2001"]
[Site "Holbaek"]
[Date "2001.06.28"]
[Round "6"]
[White "Bromann, Thorbjorn"]
[Black "Carstensen, Jacob"]
[Result "1-0"]
[WhiteElo "2310"]
[BlackElo "2260"]
[PlyCount "35"]
[EventDate "2001.06.23"]

1. e4 c5 2. Nf3 d6 3. d4 cxd4 4. Qxd4 Nc6 5. Bb5 Bd7 6. Bxc6 Bxc6 7. Nc3 Nf6 8.
Bg5 e6 9. O-O-O Be7 10. Rhe1 Qa5 11. Qd2 Rc8 12. Kb1 b5 13. a3 Ba8 14. e5 dxe5
15. Bxf6 Rd8 16. Qxd8+ Qxd8 17. Rxd8+ Bxd8 18. Bxd8 1-0

[Event "Tage Sorensen Memorial 2001"]
[Site "Holbaek"]
[Date "2001.06.28"]
[Round "6"]
[White "Izsak, Gyula"]
[Black "Lamprecht, Frank"]
[Result "0-1"]
[WhiteElo "2452"]
[BlackElo "2403"]
[PlyCount "118"]
[EventDate "2001.06.23"]

1. d4 d5 2. Nf3 Nf6 3. c4 c6 4. e3 Bf5 5. Bd3 Bxd3 6. Qxd3 e6 7. O-O Be7 8. Nc3
O-O 9. e4 dxe4 10. Nxe4 Nxe4 11. Qxe4 Nd7 12. Bf4 Nf6 13. Qe2 Qa5 14. Rfd1 Rfd8
15. b3 Qf5 16. Be5 Bd6 17. Bxd6 Rxd6 18. Qe5 Rad8 19. Qxf5 exf5 20. Rd3 Ne4 21.
Rad1 Nc5 22. Re3 Ne6 23. Re2 g5 24. Kf1 Kg7 25. Red2 g4 26. Nh4 Kf6 27. d5 cxd5
28. Rxd5 Rxd5 29. cxd5 Rd6 30. f3 Nc7 31. fxg4 fxg4 32. Rd4 Nxd5 33. Kg1 h5 34.
Rd1 Kg5 35. g3 Rd7 36. Re1 Re7 37. Rf1 Ne3 38. Rc1 b6 39. Rc8 Nf5 40. Nxf5 Kxf5
41. Kf2 Ke4 42. Ke2 a5 43. Rd8 Re6 44. Rd7 f5 45. Rf7 h4 46. Rh7 h3 47. Rd7 Re5
48. Rd8 Rd5 49. Re8+ Kd4 50. Kd2 Kc5+ 51. Kc3 b5 52. Rc8+ Kd6 53. Rd8+ Ke6 54.
Re8+ Kf7 55. Re2 Rd1 56. a4 bxa4 57. bxa4 Kf6 58. Kc4 Rg1 59. Kd3 Ra1 0-1

[Event "Tage Sorensen Memorial 2001"]
[Site "Holbaek"]
[Date "2001.06.28"]
[Round "6"]
[White "Ostergaard, Rasmus"]
[Black "Brekka, Hanus"]
[Result "1/2-1/2"]
[WhiteElo "2183"]
[BlackElo "2000"]
[PlyCount "113"]
[EventDate "2001.06.23"]

1. d4 d5 2. c4 c6 3. Nc3 Nf6 4. e3 e6 5. Nf3 Be7 6. Bd3 O-O 7. O-O Nbd7 8. b3
Re8 9. Bb2 Bd6 10. e4 dxc4 11. bxc4 e5 12. d5 Nc5 13. Ne1 Bg4 14. Be2 Qb6 15.
Rb1 Bxe2 16. Qxe2 Qa6 17. f3 Nh5 18. g3 Qb6 19. Kh1 Qd8 20. Nd3 Qg5 21. Nxc5
Bxc5 22. Bc1 Qg6 23. Be3 Bd4 24. Qd2 c5 25. Rxb7 Qa6 26. Rb5 Rab8 27. Rfb1 Rxb5
28. Rxb5 Bxc3 29. Qxc3 Qxa2 30. Rb2 Qa4 31. Qb3 Qa1+ 32. Rb1 Qa5 33. Qb5 Qd8
34. Qxc5 f5 35. exf5 e4 36. f4 Qf6 37. d6 Qf7 38. Qc7 Nxg3+ 39. hxg3 Qh5+ 40.
Kg1 Qf3 41. Qc5 Qxg3+ 42. Kf1 Qf3+ 43. Ke1 Qh1+ 44. Bg1 Qh4+ 45. Qf2 Qd8 46. c5
e3 47. Qa2+ Kh8 48. Qd5 Qh4+ 49. Ke2 Qg4+ 50. Kd3 Qg3 51. Rb7 e2+ 52. Kc4 Qxf4+
53. Kb5 a6+ 54. Kxa6 Qa4+ 55. Kb6 Qb4+ 56. Kc6 Qa4+ 57. Kb6 1/2-1/2

[Event "Tage Sorensen Memorial 2001"]
[Site "Holbaek"]
[Date "2001.06.28"]
[Round "6"]
[White "Jorgensen, Gert"]
[Black "Palm, Eivind"]
[Result "1/2-1/2"]
[WhiteElo "2123"]
[BlackElo "2000"]
[PlyCount "109"]
[EventDate "2001.06.23"]

1. Nf3 Nf6 2. g3 e6 3. Bg2 d5 4. O-O c5 5. d4 cxd4 6. Nxd4 Nc6 7. Nxc6 bxc6 8.
c4 Rb8 9. Qa4 Qd7 10. Nd2 c5 11. Qxd7+ Bxd7 12. b3 Be7 13. Ba3 O-O 14. Rac1
Rfc8 15. e4 d4 16. Nf3 Bf8 17. Ne5 Be8 18. Nd3 Nd7 19. f4 Rb6 20. Rc2 f6 21. f5
e5 22. g4 a5 23. Bc1 a4 24. bxa4 Ra8 25. Nb2 Nb8 26. Rf3 Bxa4 27. Nxa4 Rxa4 28.
Rb3 Rxb3 29. axb3 Ra1 30. Bf1 Nc6 31. Bb2 Ra2 32. Rf2 Ra7 33. Bd3 Nb4 34. Bb1
Kf7 35. Rf3 Ra6 36. Rh3 Kg8 37. Kf2 Be7 38. Ke2 Bd8 39. Rf3 Ra7 40. Kd1 Nc6 41.
h4 Kf7 42. h5 h6 43. Kc2 Ba5 44. Rf1 Bb4 45. Rd1 Ke7 46. Rf1 Nd8 47. Kc1 Nf7
48. Bd3 Kd6 49. Kb1 Kc6 50. Bc1 Kb6 51. Rf2 Be1 52. Ra2 Rxa2 53. Kxa2 Bg3 54.
Bf1 Ng5 55. Bxg5 1/2-1/2

[Event "Tage Sorensen Memorial 2001"]
[Site "Holbaek"]
[Date "2001.06.28"]
[Round "6"]
[White "Pedersen, Kim"]
[Black "Stockflet, Henrik"]
[Result "1-0"]
[WhiteElo "2227"]
[BlackElo "2000"]
[PlyCount "99"]
[EventDate "2001.06.23"]

1. d4 f5 2. Nf3 Nf6 3. Bf4 c6 4. c3 Qb6 5. Qc2 d6 6. e3 g6 7. Bc4 Bg7 8. Nbd2
Na6 9. Ng5 d5 10. Be2 Nc7 11. Be5 Ne6 12. h4 Ne4 13. Bxg7 Nxg7 14. Ndf3 Be6 15.
Ne5 Nxg5 16. hxg5 O-O-O 17. f4 Rdf8 18. Rh6 Ne8 19. O-O-O Nd6 20. Rdh1 Nf7 21.
Nxf7 Bxf7 22. Rxh7 Qd8 23. Qa4 Kb8 24. Qb4 Rxh7 25. Rxh7 Qd7 26. Kd2 Qe6 27.
Bd3 Kc7 28. b3 Re8 29. c4 Bg8 30. Qa5+ Kb8 31. Rh8 Qf7 32. Rh6 Qg7 33. a4 dxc4
34. bxc4 Be6 35. Qe5+ Qxe5 36. dxe5 Bf7 37. Rh7 Rf8 38. e6 Bxe6 39. Rxe7 Bf7
40. Kc3 c5 41. a5 Be8 42. Be2 Bc6 43. Bf3 Re8 44. Rxe8+ Bxe8 45. g4 Bd7 46.
gxf5 Bxf5 47. Bd5 Bb1 48. e4 Kc7 49. f5 gxf5 50. g6 1-0

[Event "Tage Sorensen Memorial 2001"]
[Site "Holbaek"]
[Date "2001.06.28"]
[Round "6"]
[White "Eriksson, Johan"]
[Black "Visweswaran, Kameswaran"]
[Result "1-0"]
[WhiteElo "2408"]
[BlackElo "2301"]
[PlyCount "111"]
[EventDate "2001.06.23"]

1. d4 Nf6 2. c4 g6 3. Nc3 Bg7 4. e4 d6 5. Nf3 O-O 6. Be2 Na6 7. O-O c6 8. Be3
Ng4 9. Bg5 h6 10. Bh4 Qc7 11. Bg3 Nf6 12. h3 Nh5 13. Bh2 e5 14. c5 dxc5 15.
dxe5 g5 16. Bxa6 bxa6 17. Nxg5 Bxe5 18. Bxe5 Qxe5 19. Qxh5 Qxg5 20. Qxg5+ hxg5
21. Rac1 Rb8 22. Nd1 Rb5 23. b3 Be6 24. Ne3 Rd8 25. Rc2 Rd4 26. Rfc1 Rxe4 27.
Rxc5 Bd7 28. R1c4 Rxc4 29. Rxc4 a5 30. Ra4 Be6 31. Nc4 Bxc4 32. Rxc4 Kg7 33.
Rxc6 a4 34. bxa4 Rb2 35. Ra6 Rxa2 36. Rxa7 Kg6 37. g4 Kg7 38. Kg2 Ra3 39. f3
Ra2+ 40. Kg3 Kg6 41. h4 gxh4+ 42. Kxh4 Rc2 43. f4 Rh2+ 44. Kg3 Rc2 45. Ra6+ Kg7
46. g5 Rc3+ 47. Kg4 Rc1 48. a5 Rc5 49. Ra7 Rc1 50. a6 Rc4 51. Rb7 Ra4 52. a7
Kg6 53. Kf3 Ra3+ 54. Ke4 Ra4+ 55. Kd5 Ra1 56. Kc6 1-0

[Event "Tage Sorensen Memorial 2001"]
[Site "Holbaek"]
[Date "2001.06.28"]
[Round "6"]
[White "Jorgensen, Michael"]
[Black "Nielsen, Max"]
[Result "1-0"]
[WhiteElo "2290"]
[BlackElo "2251"]
[PlyCount "81"]
[EventDate "2001.06.23"]

1. d4 Nf6 2. c4 c5 3. d5 b5 4. cxb5 a6 5. b6 d6 6. Nc3 Qxb6 7. a4 g6 8. a5 Qb7
9. e4 Bg7 10. Bc4 O-O 11. Nge2 Bd7 12. f3 Ne8 13. O-O Bb5 14. Qb3 Nc7 15. Bg5
Re8 16. f4 Nd7 17. e5 Rab8 18. e6 Nf6 19. exf7+ Kxf7 20. f5 Bxc4 21. Qxc4 Qb4
22. Qd3 Qg4 23. Bxf6 Bxf6 24. Rf4 Qh5 25. fxg6+ hxg6 26. Raf1 Rh8 27. h3 Ke8
28. Ng3 Qh7 29. Rxf6 exf6 30. Nge4 Qh4 31. Nxd6+ Kd7 32. Nde4 f5 33. Nxc5+ Kd6
34. Nxa6 Rxb2 35. Nxc7 Kxc7 36. Qe3 Rb4 37. Qc5+ Kd7 38. Nb5 Qc4 39. Qd6+ Kc8
40. Qe6+ Kb8 41. Qe5+ 1-0

[Event "Tage Sorensen Memorial 2001"]
[Site "Holbaek"]
[Date "2001.05.28"]
[Round "6"]
[White "Sivertsen, Palle"]
[Black "Skjoldager, Flemming"]
[Result "0-1"]
[WhiteElo "2168"]
[BlackElo "2000"]
[PlyCount "84"]
[EventDate "2001.06.23"]

1. d4 Nf6 2. Nf3 g6 3. c3 Bg7 4. Bf4 d6 5. Nbd2 c5 6. e3 Nc6 7. Be2 b6 8. e4
cxd4 9. cxd4 Nd7 10. Qa4 Bb7 11. e5 dxe5 12. dxe5 Nc5 13. Qa3 Nd4 14. Nxd4 Qxd4
15. Bb5+ Kf8 16. Qg3 Ne4 17. Nxe4 Qxe4+ 18. Kf1 Qb4 19. a4 Rd8 20. Qe3 Qxb2 21.
Re1 Bd5 22. h4 h6 23. Kg1 Be6 24. Bg3 Kg8 25. Kh2 Kh7 26. h5 Qd4 27. Qa3 Qc5
28. Qxc5 bxc5 29. hxg6+ fxg6 30. f4 Rd2 31. Rc1 Rc8 32. Be1 Ra2 33. Bc3 Bd5 34.
Rhg1 e6 35. Kh3 Rf8 36. g3 g5 37. Bd3+ Kg8 38. fxg5 Rff2 39. gxh6 Bxh6 40. Kg4
Bxc1 41. Rxc1 Rxa4+ 42. Kg5 Rf3 0-1

[Event "Tage Sorensen Memorial 2001"]
[Site "Holbaek"]
[Date "2001.06.28"]
[Round "6"]
[White "Strange, Mikkel"]
[Black "Pedersen, Hans Dahl"]
[Result "1-0"]
[WhiteElo "2228"]
[BlackElo "2208"]
[PlyCount "81"]
[EventDate "2001.06.23"]

1. e4 c6 2. d4 d5 3. Nc3 dxe4 4. Nxe4 Bf5 5. Ng3 Bg6 6. Nf3 Nd7 7. h4 h6 8. h5
Bh7 9. Bd3 Bxd3 10. Qxd3 Ngf6 11. Bf4 Qa5+ 12. Bd2 Qc7 13. O-O-O e6 14. Ne4
O-O-O 15. Kb1 Nc5 16. Nxc5 Bxc5 17. c4 Rhe8 18. Bc3 Bf8 19. Ne5 c5 20. Qe2 Kb8
21. dxc5 Bxc5 22. g4 Ka8 23. f3 Bd6 24. a3 Qe7 25. Ka2 Qf8 26. Rxd6 Qxd6 27.
Nxf7 Qd3 28. Qxd3 Rxd3 29. g5 hxg5 30. Bxf6 gxf6 31. h6 Rxf3 32. h7 Kb8 33.
h8=Q Rxh8 34. Rxh8+ Kc7 35. Rg8 e5 36. Rg7 Kb6 37. b4 e4 38. Nd8 Rd3 39. Rxb7+
Ka6 40. b5+ Ka5 41. Nc6+ 1-0